Liverpool Squad of Istanbul 2005 - Statistics

General Stats
  • This quiz has been taken 721 times
  • The average score is 11 of 18
Answer Stats
Hint Answer % Correct
CM Steven Gerrard
99%
GK Jerzy Dudek
93%
CB Jamie Carragher
88%
CDM Xabi Alonso
86%
LM John Arne Riise
73%
CB Sami Hyypia
72%
Playing Sub Vladimir Smicer
71%
CF Milan Baros
69%
RM Luis Garcia
65%
Playing Sub Djibril Cisse
64%
RB Steve Finnan
64%
LB Djimi Traore
61%
CF Harry Kewell
59%
Playing Sub Dietmar Hamann
55%
Sub Scott Carson
27%
Sub Igor Biscan
26%
Sub Josemi
21%
Sub Antonio Nunez
18%
No matching quizzes found
Score Distribution
Percent of People with Each Score
Percentile by Number Answered
Your Score History
You have not taken this quiz